A student handbook for writing in biology (Record no. 18821)

MARC details
000 -LEADER
fixed length control field 00486nam a22001817a 4500
003 - CONTROL NUMBER IDENTIFIER
control field MUT
005 - DATE AND TIME OF LATEST TRANSACTION
control field 20240606081445.0
008 - FIXED-LENGTH DATA ELEMENTS--GENERAL INFORMATION
fixed length control field 190307b xxu||||| |||| 00| 0 eng d
020 ## - INTERNATIONAL STANDARD BOOK NUMBER
International Standard Book Number 9780716767091
040 ## - CATALOGING SOURCE
Transcribing agency MUT
050 ## - LIBRARY OF CONGRESS CALL NUMBER
Classification number QH 304
Item number .K59 2004
100 ## - MAIN ENTRY--PERSONAL NAME
Personal name Knisely,Karin
245 ## - TITLE STATEMENT
Title A student handbook for writing in biology
250 ## - EDITION STATEMENT
Edition statement 2nd ed.
260 ## - PUBLICATION, DISTRIBUTION, ETC.
Place of publication, distribution, etc. Sunderland
Name of publisher, distributor, etc. Sinauer Associates,Inc.
Date of publication, distribution, etc. 2005
650 ## - SUBJECT ADDED ENTRY--TOPICAL TERM
Source of heading or term Biology
Topical term or geographic name entry element Authorship
Form subdivision Handbooks,manuals
942 ## - ADDED ENTRY ELEMENTS (KOHA)
Source of classification or shelving scheme Library of Congress Classification
Koha item type Books
Holdings
Withdrawn status Lost status Source of classification or shelving scheme Damaged status Not for loan Home library Current library Shelving location Date acquired Source of acquisition Total checkouts Full call number Barcode Date last seen Price effective from Koha item type
    Library of Congress Classification     Murang'a University of Technology Library Murang'a University of Technology Library General stacks 07/03/2019 Donation-TFC   QH 304 .K59 2004 025183 30/08/2024 07/03/2019 Books
    Library of Congress Classification     Murang'a University of Technology Library Murang'a University of Technology Library General stacks 18/04/2019 Donation-TFC   QH 304 .K59 2004 025837 30/08/2024 18/04/2019 Books